[Event "EICC 2021"]
[Site "Reykjavik"]
[Date "2021.08.29"]
[Round "4.38"]
[White "Valsecchi, Alessio"]
[Black "Kanyamarala, Tarun"]
[Result "0-1"]
[WhiteElo "2527"]
[BlackElo "2369"]
[Annotator "TA"]
[PlyCount "158"]
[EventDate "2021.08.26"]
[EventType "swiss"]
[EventCountry "ISL"]
[Tiebreak "Cut1 Buchholz"]
[SourceTitle "playchess.com"]
[Source "ChessBase"]
[SourceQuality "1"]

{[%evp 9,158,30,35,17,19,23,18,17,18,18,25,22,30,28,28,22,22,18,21,0,0,0,0,0,0,
0,0,-47,0,0,7,7,16,0,0,0,0,-70,-80,-84,-80,-248,-253,-232,-111,-102,-101,-101,
-92,-116,-102,-104,-79,-161,-161,-209,-192,-246,-246,-250,-258,-450,-265,-475,
-475,-475,-475,-1060,0,-354,-352,-464,-485,-477,-477,-426,-306,-481,-389,-442,
-375,-435,-242,-220,0,-424,-335,-452,-444,-499,-457,-572,-588,-584,-577,-505,
-475,-541,-510,-699,-588,-29986,-29987,-29987,-29988,-29987,-29988,-29996,
-29973,-29983,-29978,-29978,-29978,-29978,-29979,-29980,-29966,-29980,-29963,
-29961,-29961,-29961,0,-29961,-29962,-29964,-29965,-29964,-29959,-29957,-29961,
-29955,-3845,-933,0,-4725,-29960,-12838,-9485,-29948,-29951,-3578,-3578,-893,
-611,-29965,-29965,-29989,-29986,-29986,-29981]} 1. e4 c5 2. Nf3 Nc6 3. Nc3 e5
4. Bc4 d6 5. d3 Be7 6. a4 {B30: Sicilian: 2...Nc6 3 Bb5, lines without ...g6.}
Nf6 7. Bg5 O-O 8. Bxf6 {The position is equal.} Bxf6 9. Nd5 Be6 10. c3 Bg5 11.
Nxg5 Qxg5 {[#]} 12. Ne3 $146 ({Predecessor:} 12. O-O Qd8 13. g3 Bh3 14. Re1 Bd7
15. b3 Kh8 16. f4 f5 17. Qh5 fxe4 18. dxe4 exf4 19. gxf4 {1/2-1/2 (31) Nekhaev,
A (2516)-Raijmaekers,R (2493) ICCF email 2015}) 12... Rad8 13. h4 Qf6 14. a5
Ne7 15. Qb3 Rd7 16. h5 h6 17. Qa4 Rfd8 18. Qb3 Bxc4 19. dxc4 Qf4 20. Qc2 f5 21.
g3 Qf3 22. Rh4 f4 23. gxf4 (23. Nf1 $1 $11) 23... exf4 $15 24. Nf1 {[#]} Nf5 $1
$36 {[%mdl 2048] Keeping White busy.} 25. Rh2 (25. Nd2 $17 {was the only
chance.} Ne3 26. Qb1) 25... Re7 $19 26. Nd2 {[#]} Qg4 (26... Ne3 $1 $19 {
[%cal Re3c2][%mdl 512]} 27. Qd1 Nxd1 28. Nxf3 Nxb2) 27. Rh1 Nh4 {And now ...
Ng2+ would win.} 28. Qd3 {Threatening Qh3.} Qxh5 {White must now prevent ...
Ng2+.} ({Don't play} 28... Ng2+ $6 29. Kf1 $11) 29. f3 Qg5 (29... Qg6 {is more
complex.} 30. Qd5+ Kh7 31. O-O-O Qf6 32. Rdg1 Ng6) 30. O-O-O Ng6 31. Nb3 (31.
Rdg1 $17 Qf6 32. Qd5+ Kh7 33. Qf5) 31... b6 32. Rhg1 Qf6 33. axb6 (33. Qe2 $142
) 33... axb6 34. Qd5+ Kh7 35. Qc6 $2 (35. Kc2) 35... Rdd7 (35... Ne5 $142 36.
Qxb6 Rdd7) 36. Qxb6 (36. Qd5) 36... Ne5 $1 {[%csl LRc4,LRf3]} ({Less strong is
} 36... Rb7 37. Qa6 $17) 37. Nd2 Rb7 38. Qd8 {[#]} (38. Qa6 $142 Qh4 39. Rg2 (
39. Qxd6 $2 Qf2 $19)) 38... Rbd7 $2 (38... Rxb2 $3 $19 {[%mdl 512] ( -> ...
Nd3#)} 39. Kxb2 Rb7+ {[%mdl 64] Discovered Attack} 40. Kc2 Qxd8) 39. Qc8 $2 {
[%mdl 8192]} (39. Qb6 $1 $11 {and White is okay.}) 39... Qe6 40. Rg2 Re8 41.
Qa6 Rb8 42. Rdg1 Rdb7 43. b3 (43. b4 $142 cxb4 44. cxb4) 43... Rf7 44. Kc2 Rbb7
45. Qa8 Qd7 (45... Ra7 $142 46. Qd5 Ra2+ 47. Kd1 Qd7) 46. Rh1 {[#] Intending
Rxh6+! and mate.} Qe6 (46... Rf6 $1 47. Rhg1 g5) 47. Rhg1 $1 {Now Kb2 and
White clings on.} Qh3 48. Qd8 Rbd7 49. Qe8 Rde7 50. Qb8 Nxf3 51. Nxf3 Qxf3 52.
Qxd6 Qxe4+ 53. Kb2 f3 54. Rh2 Qf5 {Hoping for ...f2.} 55. Rxg7+ Rxg7 56. Rxh6+
Kg8 57. Qb8+ Kf7 58. Rh8 Qe5 59. Qa8 Rg2+ 60. Ka3 {[#]} Qxh8 $3 {[%cal Rh8a8]
[%mdl 512]} 61. Qxf3+ Qf6 {[%cal Re7a7]} 62. Qd5+ Re6 63. Qb7+ Qe7 64. Qxg2
Qa7+ 65. Kb2 Qe7 66. Ka3 $1 Qd6 67. Qb7+ Re7 68. Qf3+ Ke8 69. Qa8+ Kd7 70. Qb7+
Kd8 (70... Ke6 $142 71. Qe4+ Qe5 72. Qc6+ Kf5 73. Qf3+ Qf4 74. Qh5+ Kf6 75.
Qh8+ Kg5 76. Qd8 Qe3 77. Ka4 Kg4 78. Kb5 Re5 79. Qg8+ Rg5 80. Qc8+ Kh4 81. Qh8+
Kg3 82. Ka4 Rg6 83. Kb5 Kf2 84. Qb8 Ke1 85. Qd8 Rg7 86. Qh4+ Kd2 87. Qf6 Rb7+
88. Kc6 Rxb3 89. Qf5 Kxc3 90. Qxc5 Qf3+ 91. Kd6 Qf6+ 92. Kc7 Kc2 93. Qb5 Qe7+
94. Kc6 Rxb5 95. cxb5 Qd8 96. Kc5 Kc3 97. b6 Qd7 98. b7 Qxb7 99. Kd6 Qe4 100.
Kc7 Kc4 101. Kd6 Qe8 102. Kc7 Kc5 103. Kb7 Qf7+ 104. Kc8 Kc6 105. Kd8 Qf8#) 71.
Qa8+ Kd7 72. Qb7+ Ke6 73. Qe4+ Qe5 74. Qc6+ Kf7 75. Qf3+ Qf6 76. Qd5+ Re6 77.
Qh5+ Kf8 {Black mates.} 78. Qh2 Qxc3 {[%cal Re6a6]} 79. Qf4+ Qf6 {[%cal Re6a6]
Weighted Error Value: White=0.64/Black=0.33} 0-1

[Event "EICC 2021"]
[Site "Reykjavik"]
[Date "2021.08.29"]
[Round "4.40"]
[White "Martinovic, Sasa"]
[Black "Aizenberg, Benny"]
[Result "1-0"]
[WhiteElo "2548"]
[BlackElo "2309"]
[Annotator "TA"]
[PlyCount "61"]
[EventDate "2021.08.26"]
[EventType "swiss"]
[EventCountry "ISL"]
[Tiebreak "Cut1 Buchholz"]
[SourceTitle "playchess.com"]
[Source "ChessBase"]
[SourceQuality "1"]

{[%evp 15,60,-29,-29,-28,0,-4,47,54,47,64,97,75,82,75,86,84,85,83,136,97,249,
235,266,288,406,406,402,384,344,356,574,591,573,581,1094,1068,29994,29995,
29995,29996,29996,29997,29997,29998,29998,29999,29999]} 1. d4 Nf6 2. c4 g6 3.
Nf3 Bg7 4. g3 c6 5. Bg2 d5 6. O-O O-O 7. Nc3 dxc4 8. e4 $1 {[%mdl 4] is more
profitable than 8.Ne5 at the moment.} b5 9. Qe2 {D78: Fianchetto Grünfeld: 6
0-0 c6.} Nbd7 10. Rd1 Bb7 (10... b4 $11 11. e5 bxc3 12. exf6 cxb2 13. Bxb2 exf6
) 11. e5 $1 $14 {[%cal Re5f6] White is slightly better.} Nd5 12. e6 Nxc3 13.
bxc3 Nb6 {[#]} 14. exf7+ Rxf7 {[#]} 15. Ng5 $1 $36 {[%mdl 2048] Keeping Black
busy.} Rf6 {[#]} 16. Ne6 $146 ({Predecessor:} 16. Bf4 Nd5 17. Be5 Nxc3 18. Qe1
Rf5 19. Qxc3 Rxg5 20. Bxg7 Kxg7 21. d5+ Kg8 22. dxc6 Qb6 23. cxb7 Rf8 24. Qd4
Qxd4 25. Rxd4 Rc5 26. Rad1 c3 27. Rd8 {1-0 (27) Kerek,C (2372)-Sipos,I (2254)
Hungary 2001}) 16... Qd7 ({Black should try} 16... Qc8 17. Nc5 (17. Nxg7 Kxg7
18. Bg5 Rf7 $14) 17... Rf7) 17. Re1 Na4 $2 (17... Qxe6 $16 18. Qxe6+ Rxe6 19.
Rxe6 Kf7) 18. Nxg7 $18 Kxg7 19. Qxe7+ Qxe7 (19... Rf7 {was worth a try.} 20.
Qxd7 Rxd7) 20. Rxe7+ Rf7 {[#]} 21. Bh6+ $1 {[%mdl 512]} Kf6 22. Re5 g5 $2 (
22... Rc7 23. Rae1 Kf7) 23. Rae1 {Intending Re6+ and mate.} Kg6 24. Bxg5 Nxc3
25. Re6+ Kxg5 26. R1e5+ {White mates.} Rf5 27. Rxf5+ Kxf5 28. Bh3+ Kg5 29. f4+
Kh5 30. g4+ Kh4 31. Rh6# {Black got outplayed after the opening.  Weighted
Error Value: White=0.02/Black=0.69} 1-0

[Event "EICC 2021"]
[Site "Reykjavik"]
[Date "2021.08.30"]
[Round "5.1"]
[White "Mamedov, Rauf"]
[Black "Hovhannisyan, Robert"]
[Result "1-0"]
[WhiteElo "2654"]
[BlackElo "2626"]
[Annotator "TA"]
[PlyCount "73"]
[EventDate "2021.08.26"]
[EventType "swiss"]
[EventCountry "ISL"]
[Tiebreak "Cut1 Buchholz"]
[SourceTitle "playchess.com"]
[Source "ChessBase"]
[SourceQuality "1"]

{[%evp 9,73,12,23,25,18,28,25,19,25,18,18,22,16,16,28,-2,15,0,0,0,0,0,12,13,15,
19,18,21,13,14,46,50,80,86,75,75,175,177,168,150,327,328,388,389,374,377,487,
479,989,879,985,1008,945,941,984,979,913,912,1841,1577,1943,1502,1368,1349,
1063,1033]} 1. Nf3 d5 2. g3 Bg4 3. Bg2 e6 4. O-O Nf6 5. h3 Bh5 6. c4 {A07:
Réti Opening: New York and Capablanca Systems.} c6 7. d4 Be7 8. Nc3 {White has
an edge.} O-O 9. Ne5 Nbd7 10. g4 Bg6 11. Nxg6 hxg6 12. cxd5 exd5 13. Qb3 Qb6
14. Rd1 Qxb3 15. axb3 {[#]} Ne8 $146 ({Predecessor:} 15... Bd6 16. f3 Nb6 17.
e4 Bc7 18. Kf2 Rfe8 19. Be3 a6 {1-0 (50) Hirn,O-Seyb,D (2285) Puschendorf 1996}
) 16. e4 dxe4 17. d5 {aiming for dxc6.} Nc5 18. dxc6 bxc6 19. Be3 $36 {[%mdl
2048] White has some pressure.} Nxb3 20. Ra6 Bc5 21. Nxe4 Bxe3 22. fxe3 Nc7 (
22... Nf6 $16 23. Nxf6+ (23. Rxc6 Nxe4 24. Bxe4 Rae8 $14) 23... gxf6) 23. Rxc6
$18 Ne6 {[#]} 24. Nd6 {And now Bd5 would win.} Rad8 $2 {[#] A mistake that
costs the game.} (24... a5 $16 {was called for.} 25. Nxf7 Kxf7) 25. Bd5 $1 Nbc5
26. b4 Na4 27. Bb3 Nb6 28. Rf1 {White is clearly winning.} Kh7 (28... Rxd6 $142
29. Rxd6 Re8 30. Bxe6 fxe6) 29. Nxf7 Rxf7 30. Rxf7 Ng5 31. Rxa7 Rd2 32. Kf1 ({
Inferior is} 32. Rxb6 Nf3+ 33. Kf1 Nh2+ 34. Kg1 Nf3+ 35. Kf1 Nh2+ 36. Kg1 Nf3+
$11) 32... Nd7 33. Ra2 Rd3 34. Bc2 Rxe3 35. Bxg6+ Kh6 36. Bf5+ Nf6 37. h4 {
Weighted Error Value: White=0.02/Black=0.28} 1-0

[Event "EICC 2021"]
[Site "Reykjavik"]
[Date "2021.08.30"]
[Round "5.2"]
[White "Navara, David"]
[Black "Erdos, Viktor"]
[Result "1/2-1/2"]
[WhiteElo "2675"]
[BlackElo "2614"]
[Annotator "TA"]
[PlyCount "84"]
[EventDate "2021.08.26"]
[EventType "swiss"]
[EventCountry "ISL"]
[Tiebreak "Cut1 Buchholz"]
[SourceTitle "playchess.com"]
[Source "ChessBase"]
[SourceQuality "1"]

{[%evp 23,84,29,33,2,10,7,0,0,22,27,34,22,24,25,33,22,21,22,12,0,0,-179,-180,
-168,-163,-175,-130,-133,-137,-147,-79,-90,-87,-76,-54,-59,-4,-4,-8,-12,-3,-4,
0,-30,0,0,0,-41,-52,-41,-54,-47,0,0,0,0,0,0,0,0,0,0,0]} 1. e4 e5 2. Nf3 Nc6 3.
Bb5 a6 4. Ba4 Nf6 5. O-O Be7 6. Re1 b5 7. Bb3 d6 8. c3 O-O 9. h3 Re8 10. d4 Bb7
11. Nbd2 Bf8 12. a3 h6 13. d5 {C93: Closed Ruy Lopez: Smyslov Variation.} Na5
14. Ba2 c6 $1 {[%cal Rc6d5]} 15. b4 cxd5 16. bxa5 {exd5 is the strong threat.}
dxe4 17. Nh2 d5 $1 {[#]} 18. Ng4 $146 ({Predecessor:} 18. Nb3 Qc7 19. Bb2 Rad8
20. Qe2 g6 {1/2-1/2 (41) Sevian,S (2657)-Erdos,V (2613) Saint Louis 2019})
18... Nd7 19. Nf1 Nc5 20. Ng3 Nd3 21. Re3 Nf4 22. Nf5 $2 (22. Re1 $11) 22... h5
$19 23. Rg3 hxg4 24. Qxg4 Qf6 {Threatens to win with ...Bc8.} (24... Qxa5 $2
25. Nxg7 Ng6 26. Nxe8 $18) 25. Bxf4 exf4 26. Qxf4 {[#]} Re6 ({Black should play
} 26... g6 $1 27. Nh6+ {[%mdl 64] Discovered Attack} Kg7) 27. Rd1 $17 g6 28.
Qc7 Qxf5 29. Qxb7 {[%mdl 64] [#] Double Attack} Rd8 (29... Rf6 $1 $15 30. Qxa8
Qxf2+ 31. Kh2 e3 32. Rxd5 (32. Bxd5 $2 e2 $19) 32... e2) 30. Rxd5 $11 Rxd5 31.
Qxd5 Qxd5 32. Bxd5 {[%mdl 4096] Endgame KRB-KRB} Rd6 33. Rg5 ({Avoid the trap} 
33. Bxe4 $2 Rd1+ 34. Kh2 Bd6 $19) 33... Be7 34. Re5 {[%mdl 64] Double Attack}
Kf8 {And now ...Bf6 would win.} 35. Bb3 ({Don't go for} 35. Bxe4 $2 Rd1+ 36.
Kh2 Bd6 $19) 35... Rd3 36. Rxe4 Rxc3 37. Re3 Rxe3 (37... Rc1+ {is interesting.}
38. Kh2 Bxa3 39. Bd5 Bd6+ 40. g3 Rc7) 38. fxe3 {The position is equal.} Bxa3
39. Bd5 Bb4 40. Bb7 Bxa5 41. Bxa6 Bb6 42. Bxb5 Bxe3+ {Whites escaped into a
draw.  Weighted Error Value: White=0.20/Black=0.12} 1/2-1/2

[Event "EICC 2021"]
[Site "Reykjavik"]
[Date "2021.08.30"]
[Round "5.3"]
[White "Saric, Ivan"]
[Black "Gabuzyan, Hovhannes"]
[Result "0-1"]
[WhiteElo "2653"]
[BlackElo "2587"]
[Annotator "TA"]
[PlyCount "130"]
[EventDate "2021.08.26"]
[EventType "swiss"]
[EventCountry "ISL"]
[Tiebreak "Cut1 Buchholz"]
[SourceTitle "playchess.com"]
[Source "ChessBase"]
[SourceQuality "1"]

{[%evp 19,130,49,48,55,52,36,74,65,79,71,71,54,85,93,77,59,71,72,62,16,36,0,0,
0,1,11,20,12,12,19,24,0,20,24,44,8,8,0,0,0,0,0,0,0,0,0,0,0,0,0,0,-12,2,0,0,0,0,
0,0,0,0,0,0,0,0,0,0,0,0,0,0,0,0,0,0,0,0,-32,-32,-36,-8,-8,-8,-127,-117,-131,
-143,-135,-139,-98,-138,-133,-110,-160,-160,-159,-159,-431,-431,-412,-278,-420,
-419,-416,-409,-509,-479,-29974,-4132,-29972,-29973,-29952,-11766]} 1. e4 c5 2.
Nf3 Nc6 3. d4 cxd4 4. Nxd4 g6 5. c4 Bg7 6. Be3 d6 7. Nc3 Nf6 8. Be2 O-O 9. O-O
Nxd4 10. Bxd4 Bd7 $1 {10...Bd7 is better than 10...Be6.} 11. Qc2 {B38:
Sicilian: Maroczy Bind with 5...Bg7 and 7...0-0.} Bc6 12. Rad1 Nd7 13. Bxg7 {
White is better.} Kxg7 14. b4 {Hoping for b5.} b6 15. f4 {[#]} a5 $5 $146 {
[%mdl 8] An interesting novelty.} ({Predecessor:} 15... Rc8 16. Qb3 Qc7 17. Rf3
Kg8 18. Rh3 Nf6 19. Nd5 Bxd5 20. exd5 b5 21. cxb5 Ne4 {1/2-1/2 (52) Hryzlova,S
(1940)-Ptacnikova,L (2111) Chess.com INT 2020}) 16. a3 Kg8 17. Bg4 axb4 18.
axb4 Nf6 19. Bh3 Qc7 20. Rde1 b5 21. e5 $1 {[%cal Re5f6]} Nh5 22. cxb5 Bb7 23.
Qc1 dxe5 24. Rxe5 e6 25. Qe3 Nf6 26. Rc5 Qb6 27. Qd4 Qd8 28. Rd1 Qxd4+ 29. Rxd4
Ra1+ 30. Kf2 Rb8 31. Ke2 (31. g4 {is interesting.} Rh1 32. g5 Nh5 33. Bf1 Rxh2+
34. Ke3) 31... h5 (31... Kg7 {is more complex.} 32. Rd1 Ra3 33. g3 Nd5 34. Rd3
Ra1) 32. Rd1 Ra3 33. g3 Nd5 34. Nxd5 Bxd5 35. Rdc1 Rb3 36. Bf1 Kg7 37. Kd2 h4
38. Rc8 Rb6 39. Bd3 Rd6 40. Kc2 (40. gxh4 $2 Be4 $19) 40... Ra3 41. gxh4 Ra2+
42. Kc3 Ra3+ 43. Kc2 Ra2+ 44. Kc3 Rxh2 45. Bc4 Bb7 46. Rc7 Rh3+ 47. Kb2 Be4 {
( -> ...Rd2+)} 48. Bb3 (48. Rc3 $5 {[%cal Rc3h3]} Rxh4 49. Kb3 $15) 48... Rd2+
{[%mdl 1024] Black has compensation.} 49. Bc2 $1 Bd5 {Threatens to win with ...
Rd4.} (49... Rxh4 50. Kc3 $14) (49... Rf2 $5 {[%cal Re4d5]} 50. b6 Bd5 $15) 50.
Rg1 Kf6 $36 {[%mdl 2048] Strongly threatening ...Rd4. Black has the initiative.
} 51. Ra1 (51. h5 $1 $11 {remains equal.} gxh5 52. Ra1) 51... Rd4 $1 $17 {
[%cal Rd4b4]} (51... Rxh4 52. Raa7 $11) 52. Raa7 {[%csl Ga7][%cal Rc7f7]} Rxb4+
53. Kc1 {[%csl Ga7][%cal Rc7f7]} e5 $1 {[%cal Re5f4]} 54. Ra6+ Be6 55. fxe5+
Kxe5 56. Bxg6 Rh1+ $1 ({Weaker is} 56... fxg6 57. Re7 $11) (56... Rxb5 57. Bxf7
Rh1+ 58. Kd2 $11) 57. Kc2 Rf4 {[%cal Rf4f2]} ({Inferior is} 57... fxg6 58. Re7
$11) ({But not} 57... Rhxh4 $6 58. Bxf7 Rh2+ 59. Kc1 $11) 58. Re7 $2 {This
move loses the game for White.} (58. Rxe6+ $17 Kxe6 59. Bd3) 58... Rh2+ $19 59.
Kc3 Rh3+ 60. Bd3 {[#]} (60. Kb2 {was forced.} Rf2+ 61. Bc2 Rb3+ 62. Kc1) 60...
Rc4+ $1 61. Kd2 Rh2+ 62. Ke3 Rg4 {[%cal Rg4g3]} 63. Kf3 (63. Raxe6+ $19 fxe6
64. Rf7) 63... Rh3+ (63... Rhg2 $142 64. Rexe6+ fxe6 65. Rxe6+ Kxe6 66. Bf1
R2g3+ 67. Ke2 Rb3 68. h5 Rh4 69. Kd2 Rh2+ 70. Be2 Rxb5 71. Kd3 Rd5+ 72. Kc4
Rxe2 73. h6 Rc2+ 74. Kb3 Rc7 75. Ka4 Rd8 76. Ka5 Rb8 77. Ka6 Rh7 78. Ka5 Ra7#)
64. Ke2 {[#]} Rg2+ $1 65. Kf1 Rb2 {[%cal Rh3h1] Weighted Error Value: White=0.
36/Black=0.12} 0-1

[Event "EICC 2021"]
[Site "Reykjavik"]
[Date "2021.08.30"]
[Round "5.4"]
[White "Piorun, Kacper"]
[Black "Sarana, Alexey"]
[Result "1/2-1/2"]
[WhiteElo "2608"]
[BlackElo "2643"]
[Annotator "TA"]
[PlyCount "97"]
[EventDate "2021.08.26"]
[EventType "swiss"]
[EventCountry "ISL"]
[Tiebreak "Cut1 Buchholz"]
[SourceTitle "playchess.com"]
[Source "ChessBase"]
[SourceQuality "1"]

{[%evp 13,97,15,18,29,18,18,27,20,20,20,29,20,31,18,8,6,0,4,0,10,8,0,12,16,9,
12,20,6,7,0,20,20,20,21,32,35,40,8,66,67,73,69,70,10,35,0,66,45,29,10,46,6,11,
6,35,6,11,12,12,12,12,12,12,12,13,14,14,11,11,12,12,12,12,12,12,11,10,0,0,0,0,
0,0,0,0,0]} 1. Nf3 d5 2. g3 Nf6 3. Bg2 g6 4. O-O Bg7 5. c4 c6 6. b3 O-O 7. Bb2
b6 8. d4 $1 {[%mdl 4] is currently scoring better than 8.d3. A11: English
Opening: 1...c6.} Bb7 9. Nc3 Nbd7 10. Qc2 {White has an edge.} e6 11. Rfd1 Qc7
12. Rac1 Rac8 13. Qb1 Qb8 {[#]} 14. e4 $146 ({Predecessor:} 14. Nd2 c5 15. dxc5
d4 16. c6 Bxc6 17. Nce4 Nxe4 18. Nxe4 f5 19. Ng5 Bxg2 20. Kxg2 {1/2-1/2 (28)
Nikolaev,L (2303)-Burakovsky,M (2066) Kiev 1999}) 14... dxe4 15. Nxe4 Nxe4 16.
Qxe4 c5 17. Qe2 Bxf3 18. Bxf3 Rfd8 19. dxc5 {Black should prevent c6.} bxc5 20.
Bxg7 Kxg7 21. Rc2 Nf6 22. Rcd2 Rxd2 23. Qxd2 Qe5 24. h4 h5 25. Kg2 Qf5 (25...
Qc7 $11) 26. Re1 $14 e5 27. Qe3 Nd7 28. Rd1 (28. Qg5 $14) 28... Nf6 $11 29. Re1
Nd7 30. Bd5 Qf6 31. Qc3 Re8 32. Re3 Qa6 33. Re2 f5 34. Rd2 Nf6 {The position
is equal.} 35. b4 cxb4 36. Qxb4 Qb6 37. Qa3 Qc7 38. Rb2 {[#] Hoping for Rb7!}
Nxd5 39. cxd5 {[%mdl 4096] Endgame KQR-KQR} Rd8 40. Rb5 Rd7 $1 41. Rc5 Qd6 42.
Qc3 Kh7 43. Ra5 Qb6 {[#]} 44. Qc6 $1 Rc7 45. Qxb6 axb6 46. d6 Rd7 47. Rxe5 {
White wants to mate with Re7+.} Rxd6 48. Re7+ Kh6 49. Rb7 {Weighted Error
Value: White=0.09/Black=0.07} 1/2-1/2

[Event "EICC 2021"]
[Site "Reykjavik"]
[Date "2021.08.30"]
[Round "5.5"]
[White "Antipov, Mikhail Al."]
[Black "Lagarde, Maxime"]
[Result "0-1"]
[WhiteElo "2607"]
[BlackElo "2631"]
[Annotator "TA"]
[PlyCount "68"]
[EventDate "2021.08.26"]
[EventType "swiss"]
[EventCountry "ISL"]
[Tiebreak "Cut1 Buchholz"]
[SourceTitle "playchess.com"]
[Source "ChessBase"]
[SourceQuality "1"]

{[%evp 14,68,0,2,33,23,27,17,13,15,33,25,52,27,28,43,40,24,56,57,67,58,58,54,
59,59,101,51,64,76,220,-193,-176,-193,-179,-177,-173,-704,-677,-1424,-1433,
-1412,-1404,-1389,727,-1319,-1318,-1448,-1448,-1422,-1415,-1326,-1325,-1175,
-1142,-1112,-1007]} 1. e4 c5 2. Nf3 d6 3. d4 cxd4 4. Nxd4 Nf6 5. Nc3 g6 6. Be3
Bg7 7. h3 O-O 8. Qd2 a6 {B72: Sicilian Dragon: 6 Be3, lines with h3+Bc4 and
sidelines.} 9. Be2 Nc6 10. O-O-O Nxd4 {The position is equal.} 11. Bxd4 b5 {
[%cal Bb7b5,Bb5b4][%mdl 32] [#]} 12. Bf3 $146 ({Predecessor:} 12. h4 h5 13. Kb1
Bb7 14. f3 Rc8 15. g4 e5 16. Be3 hxg4 17. Bg5 b4 18. Nd5 Bxd5 19. exd5 {
1/2-1/2 (33) Verst,P (2115)-Ottesen,S (2379) ICCF email 2012}) 12... Qa5 13.
Kb1 {Hoping for Bxf6.} (13. Bxf6 $5 exf6 14. Kb1 $14 (14. Qxd6 Be6 $11)) 13...
b4 {White must now prevent ...e5.} 14. Nd5 Nxd5 15. exd5 e5 16. dxe6 $1 Bxe6
17. b3 $1 Bxd4 18. Qxd4 Rac8 19. Rd2 Rc3 20. Be4 Re8 21. Rhd1 Qa3 (21... d5 $16
{is a better defense.} 22. Bxd5 Rd8) 22. Bd5 $4 {[%mdl 8192] [#]} (22. Qf6 $18
d5 23. Rxd5 (23. Bxd5 Bxd5 24. Rxd5 Rxc2 $17) 23... Bxd5 24. Rxd5) 22... Bxd5
$1 $19 23. Qxd5 {[#]} Re5 $1 {[%cal Re5d5]} 24. Qxd6 ({But not} 24. Qa8+ $2 Kg7
$19) 24... Ra5 $40 {[%mdl 128] Black attacks with force.} 25. Qd8+ $2 (25. Re2
Qxa2+ 26. Kc1) 25... Kg7 26. Qd4+ f6 27. Re2 Qxa2+ 28. Kc1 Qa1+ 29. Kd2 {[#]}
Rxc2+ $1 {[%mdl 512] Black is clearly winning.} 30. Ke1 (30. Ke3 Re5+) 30...
Qxd4 31. Rxd4 Ra1+ 32. Rd1 Rxe2+ 33. Kxe2 Rxd1 34. Kxd1 Kf7 {Weighted Error
Value: White=0.98/Black=0.11} 0-1

[Event "EICC 2021"]
[Site "Reykjavik"]
[Date "2021.08.30"]
[Round "5.6"]
[White "Demchenko, Anton"]
[Black "Gajewski, Grzegorz"]
[Result "1/2-1/2"]
[WhiteElo "2597"]
[BlackElo "2617"]
[Annotator "TA"]
[PlyCount "86"]
[EventDate "2021.08.26"]
[EventType "swiss"]
[EventCountry "ISL"]
[Tiebreak "Cut1 Buchholz"]
[SourceTitle "playchess.com"]
[Source "ChessBase"]
[SourceQuality "1"]

{[%evp 10,86,29,39,38,30,27,31,41,36,26,16,26,25,56,18,21,0,0,0,0,0,0,0,0,0,0,
0,0,-27,-26,-34,-29,-53,-59,-93,-64,-59,-68,-65,-81,-138,-62,-130,-54,-220,
-149,-164,-79,-106,-105,-99,-11,-14,-2,-29,-18,-29,-34,-119,-27,-121,-118,-112,
-114,-117,-2,-1,-1,-1,-1,-3,-6,-6,0,-4,0,0,0]} 1. e4 e5 2. Nf3 Nc6 3. Bc4 Bc5
4. d3 h6 5. c3 Nf6 6. b4 Be7 {C54: Giuoco Piano: 4 c3 Nf6, main lines with 5
d4 and 5 d3.} 7. Qb3 O-O 8. a4 d6 {White is slightly better.} 9. O-O {[#]} Nb8
$146 ({Predecessor:} 9... Bg4 10. Nbd2 Qd7 11. Re1 Nh5 12. d4 Nf4 13. Bf1 Bf6
14. d5 Ne7 15. h3 Bh5 {1-0 (35) Zajic,M (2507)-Fenil,S (2346) Skopje 2018}) 10.
Qc2 c6 11. Bb3 Nbd7 12. d4 a5 13. Nbd2 exd4 14. Nxd4 d5 15. exd5 cxd5 16. Nf5
Re8 17. Nxe7+ Qxe7 18. Ba3 Ne5 19. bxa5 Qc7 20. c4 d4 {[%mdl 1024] Black has
compensation.} 21. Rfe1 Bg4 22. c5 d3 (22... Rxa5 $6 23. Nc4 $14) 23. Qc3 Be2
$1 24. h3 Nh5 25. c6 (25. Kh1 $142) 25... Qxc6 (25... Nxc6 $17 26. a6 Rxa6) 26.
Qb4 {[#]} (26. Qxc6 $15 Nxc6 27. Bc4) 26... Qg6 ({Better is} 26... Qf6 $1 $17
27. Bb2 (27. Qxb7 $2 Rab8 $19) 27... Nf4 28. Qxb7 Rab8 29. Bxe5 Qxe5 30. Qxf7+
Kh8) 27. Kh1 $2 ({Wrong is} 27. Qxb7 $2 Rab8 $19) (27. Bd5 $15) 27... Nc6 28.
Qh4 Rad8 (28... Rxa5 $19 {has better winning chances.} 29. Rac1 Rg5) 29. Bb2
Nxa5 30. Ba2 Qg5 (30... Rc8 $17 {White must now prevent ...Rc2.} 31. Rac1 Rc2
32. Rxc2 dxc2) 31. Qxg5 $11 hxg5 32. Bc3 b6 33. Rab1 Rc8 34. Rec1 {[#]} (34.
Bxa5 $15 bxa5 35. Rb7) 34... Re7 (34... Nf4 $1 $17 {...Bh5 is the strong
threat.} 35. Bxa5 (35. Rxb6 Bh5 $17) 35... Rxc1+ 36. Rxc1 bxa5) 35. Bd4 (35.
Bxa5 $11 {remains equal.} Rxc1+ 36. Rxc1 bxa5 37. f3) 35... Rc2 $17 36. Rxc2
dxc2 37. Rc1 Bd1 (37... Rd7 $17 38. Be3 Bd1) 38. Bxb6 $11 {The position is
equal.} Nc6 39. Bb3 $1 $132 {[%cal Rb3c2][%mdl 2048] White is not keeping still
} Nb4 {Black wants to play ...Re2.} 40. Bxc2 Bxc2 41. Bc5 {[%mdl 64] Double
Attack} Rb7 {Strongly threatening ...Bd3.} 42. Bxb4 Rxb4 43. Rxc2 {aiming for
Ra2.} Rxa4 {Weighted Error Value: White=0.26/Black=0.26} 1/2-1/2